Poesía completa

Saved in:
Bibliografiske detaljer
Hovedforfatter: Whitman, Walt (Author)
Format: Bog
Sprog:engelsk
spansk
Udgivet: Barcelona Ediciones 29 1994
Udgivelse:7a. ed
Serier:Libros Río Bueno
Fag:
Tags: Tilføj Tag
Ingen Tags, Vær først til at tagge denne postø!

MARC

LEADER 00000nam a2200000 a 4500
001 UCO4927
003 CL-VaPUC
008 000825e19940000SP |||||||||||||||||eng|d
041 0 7 |a eng  |2 CL-VaPUC 
041 0 7 |a spa  |2 CL-VaPUC 
082 0 4 |a 811  |b WHI  |2 21 
100 0 |a Whitman, Walt  |e author  |9 328683 
245 1 0 |a Poesía completa 
250 |a 7a. ed 
300 |a v 
942 |c BK 
945 |d 20000825 00:00:00  |a crobeson 
260 |a Barcelona  |b Ediciones 29  |c 1994 
650 7 |a POESIAS ESTADOUNIDENSES  |2 CL-VaPUC  |9 449612 
650 0 |a Literatura estadounidense  |9 317168 
583 |a last modification  |c 20000825 00:00:00  |k Rodrigo Vera 
490 0 |a Libros Río Bueno 
999 |c 290886  |d 290884 
952 |0 0  |1 0  |4 0  |6 811_000000000000000_WHI_1994  |7 0  |8 A  |9 340496  |a BIBART  |b BIBART  |d 2019-11-20  |h v.1  |i 3187632  |l 1  |o 811 WHI 1994  |p 3187632  |r 2025-03-13  |s 2022-11-16  |w 2019-11-20  |y BK  |k ART 
952 |0 0  |1 0  |4 0  |6 811_000000000000000_WHI_1994  |7 0  |8 A  |9 340497  |a BIBART  |b BIBART  |d 2019-11-20  |h v.2  |i 3187640  |o 811 WHI 1994  |p 3187640  |r 2025-03-13  |w 2019-11-20  |y BK  |k ART